000 00700cam a22002291 4500
001 ca 35000765
003 DLC
005 20260227111138.0
008 790827s1932 mau 000 0 eng
010 _aca 35000765
035 _a(OCoLC)5315735
040 _aDLC
_cRPB
_dDLC
042 _apremarc
050 0 0 _aPN4305.M6
_bF678
082 _a815.5
100 1 _aFortenbacher, Olive White.
245 1 0 _aBig Java,
_ba contest selection, arranged from Maude Woodruff Newell's story of the same name,
_cby Olive White Fortenbacher.
260 _aBoston,
_bWalter H. Baker Company
_c[c1932]
300 _a8 p.
_c20 cm.
440 0 _aBaker's manuscript readings
700 1 _aNewell, Maude Woodruff.
999 _c17889
_d17889